00413nam a22001457a 450000500170000000800410001702000220005804100080008008200280008810000170011624500520013326000610018530000090024636500120025520230918171305.0230829b |||||||| |||| 00| 0 eng d a978-93-81390-49-8 aEng aMS/610.73677/ANS/DB1157 aAnsari Javed aComprehensive Medical Surgical Nursing Part- A  bS.Vikas and Company (Medical Publisher)c2022aJalandhar a935p b1500.00